000 01307nam0a22003731 4500
001 v19\rc\1579133
005 20250618211052.0
035 _a(NLR Aleph) 004706394
090 _a4138964
_c4138964
100 _a20061002d1893 |||y0rusy50 ca
101 0 _arus
102 _aRU
105 _ay z |||||
200 1 _aИстория восточных монголов в период династии Мин. 1368-1634
_e(По кит. источникам)
_f[Соч.] Д. Покотилова
210 _aСанкт-Петербург
_cтип. Имп. Акад. наук
_d1893
215 _a[4], VI, 230 с.
_d23
316 _aЭкз. РНБ (131/2176): приплетено единиц: 2
_5NLR: 131/2176
320 _aБиблиогр. в примеч.
700 1 _aПокотилов
_bД.Д.
_f1865-1908
_gДмитрий Дмитриевич
801 0 _aRU
_bNLR
_gpsbo
801 0 _aRU
_bRuMoRGB
_2psbo
801 1 _aRU
_bProSoft-M
_2rusmarc
852 _aNLR
_j18.274.4.62
852 _aNLR
_j131/2176(алл. 1)
852 _aNLR
_bМф
_jК1/27820
899 _aRuMoRGB
_jA 205/201
899 _aRuMoRGB
_jV 62/348
899 _aRuMoRGB
_jV 538/278
899 _aRuMoRGB
_jФ 1-59/8787
899 _aБАН
899 _aНБ СПбГУ
899 _aГПИБ
942 _cBOOK
980 _aNB